Statistics for Same Named Songs

Click here to take the quiz!

General Stats

  • This quiz has been taken 27 times
  • The average score is 10 of 20

Answer Stats

Song NameArtists% Correct
Sweet Dreams (Are Made of this)Eurythmics / Marilyn Manson / Weezer / Dolly Parton
100%
Stairway To heavenLed Zeppelin / Mastodon/ Frank Zappa / Heart
92%
HolidayGreen Day / Scorpions / Madonna / Turnstile / Weezer / Lil Nas X / KSI
80%
Knockin' On heavens DoorBob Dylan /Guns n Roses / Eric Clapton / Avril Lavigne
76%
OneMetallica / U2 / Three Dog Night / Swedish House Mafia
76%
Sympathy for The DevilThe Rolling Stones / Motorhead /Ozzy Osbourne / Guns n Roses
76%
Gimme Gimme GimmeAbba / Black Flag
68%
RadioactiveImagine Dragons / Gene Simmons / Kings of Leon / Bullet for my Valentine / Within Temptation
68%
The PassengerIggy Pop / Volbeat / David Hasselhoff
56%
WomanJohn Lennon / Wolfmother / Doja Cat / Mumford and sons / Harry Styles
52%
I Fought The LawThe Clash / Dead Kennedys
48%
DynamiteTaio Cruz / Scorpions / BTS / Sigrid
44%
MotherDanzig / Pink Floyd / IDLES
40%
Jesus he Knows meGenesis / Ghost / Emil Bulls / Benny Greb
32%
WalkPantera / Foo Fighters
32%
Life is a HighwayTom Cochrane / Rascal Flatts
32%
Rock and RollLed Zeppelin / The Velvet Underground
28%
JailbreakAC/DC / Thin Lizzy
24%
SnuffSlipknot / Slayer
16%
Fall in Love with meIggy pop /Earth wind and fire / Warhaus / Japan / Morgan Wade
8%

Score Distribution

Percentile by Number Answered

Percent of People with Each Score

Your Score History

You have not taken this quiz